<?xml version="1.0" encoding="UTF-8"?>
<record
    xmlns:xsi="http://www.w3.org/2001/XMLSchema-instance"
    xsi:schemaLocation="http://www.loc.gov/MARC21/slim http://www.loc.gov/standards/marcxml/schema/MARC21slim.xsd"
    xmlns="http://www.loc.gov/MARC21/slim">

  <leader>01983nam a22003017a 4500</leader>
  <datafield tag="999" ind1=" " ind2=" ">
    <subfield code="c">21914</subfield>
    <subfield code="d">21914</subfield>
  </datafield>
  <controlfield tag="003">AR-CdUCM</controlfield>
  <controlfield tag="008">190425b           ||||| |||| 00| 0 spa d</controlfield>
  <datafield tag="040" ind1=" " ind2=" ">
    <subfield code="a">MUNICIPALIDAD PROVINCIAL DEL CUSCO</subfield>
    <subfield code="c">BIBLIOTECA MUNICIPAL DEL CUSCO</subfield>
  </datafield>
  <datafield tag="082" ind1=" " ind2=" ">
    <subfield code="a">Rev.Letras/N&#xB0;1/1948</subfield>
  </datafield>
  <datafield tag="110" ind1=" " ind2=" ">
    <subfield code="a">Universidad Nacional del Cuzco</subfield>
    <subfield code="9">23977</subfield>
  </datafield>
  <datafield tag="245" ind1=" " ind2=" ">
    <subfield code="a">Revista Letras :</subfield>
    <subfield code="b">&#xF3;rgano de la facultad de Letras de la Universidad Nacional del Cuzco /</subfield>
  </datafield>
  <datafield tag="260" ind1=" " ind2=" ">
    <subfield code="a">Cusco :</subfield>
    <subfield code="b">H.G. Rozas,</subfield>
    <subfield code="c">1948.</subfield>
  </datafield>
  <datafield tag="300" ind1=" " ind2=" ">
    <subfield code="a">284 p&#xE1;ginas. :</subfield>
    <subfield code="c">22 cm.</subfield>
  </datafield>
  <datafield tag="440" ind1=" " ind2=" ">
    <subfield code="a">Universidad del Cuzco.</subfield>
    <subfield code="n">A&#xF1;o 1, Primer semestre de 1948. N&#xB0;1</subfield>
    <subfield code="9">46811</subfield>
  </datafield>
  <datafield tag="505" ind1=" " ind2=" ">
    <subfield code="a">Contenido: Justo Sierra maestro de M&#xE9;xico y Am&#xE9;rica. Luis Velasco Arag&#xF3;n. -- Marcelino Menedez y Pelayo. Jos&#xE9; Gabriel Cosio. -- Manuel Gonzales Prada periodista, Eulogio Tapia Olarte. -- Ollantaytampu y Ollantay una nueva versi&#xF3;n del drama. Alfredo Y&#xE9;pez Miranda. -- San Mart&#xED;n legislador. Jorge Cornejo Bouroncle. -- Algo de nuestra historia sobre la Universidad. Juli&#xE1;n Santisteban Ochoa. -- La acci&#xF3;n trascendente de los h&#xE9;roes nacionales. Abraham Vizcarra Rozas. -- Los supuestos restos de los conquistadores encontrados en el templo de la Merced del Cuzco. Sergio Quevedo A. -- Homenaje p&#xF3;stumo al doctor Julio C. Tello. Luis A. Pardo. -- Influencia del Altiplano en la m&#xFA;sica Argentina. Gast&#xF3;n O. Telam&#xF3;n. --  Las adivinanzas quechuas. V&#xED;ctor Navarro del &#xC1;guila. -- El r&#xED;o en el folklore. Edmundo Delgado Vivanco. -- Juan del Valle y Caviedes. Gustavo P&#xE9;rez Ocampo.
</subfield>
  </datafield>
  <datafield tag="650" ind1=" " ind2=" ">
    <subfield code="a">Narrativa cusque&#xF1;a</subfield>
    <subfield code="9">10453</subfield>
  </datafield>
  <datafield tag="650" ind1=" " ind2=" ">
    <subfield code="a">Escritores cusque&#xF1;os</subfield>
    <subfield code="9">10661</subfield>
  </datafield>
  <datafield tag="650" ind1=" " ind2=" ">
    <subfield code="a">Literatura cusque&#xF1;a</subfield>
    <subfield code="9">46804</subfield>
  </datafield>
  <datafield tag="700" ind1=" " ind2=" ">
    <subfield code="a">Velasco Arag&#xF3;n, Luis</subfield>
    <subfield code="9">45947</subfield>
  </datafield>
  <datafield tag="700" ind1=" " ind2=" ">
    <subfield code="a">Tapia Olarte, Eulogio</subfield>
    <subfield code="9">32463</subfield>
  </datafield>
  <datafield tag="700" ind1=" " ind2=" ">
    <subfield code="a">Cornejo Bouroncle, Jorge</subfield>
    <subfield code="9">15278</subfield>
  </datafield>
  <datafield tag="700" ind1=" " ind2=" ">
    <subfield code="a">Pardo, Luis A</subfield>
    <subfield code="9">25736</subfield>
  </datafield>
  <datafield tag="700" ind1=" " ind2=" ">
    <subfield code="a">Navarro del &#xC1;guila, V&#xED;ctor</subfield>
    <subfield code="9">32360</subfield>
  </datafield>
  <datafield tag="700" ind1=" " ind2=" ">
    <subfield code="a">Delgado Vivanco, Edmundo</subfield>
    <subfield code="9">25661</subfield>
  </datafield>
  <datafield tag="700" ind1=" " ind2=" ">
    <subfield code="a">P&#xE9;rez Ocampo, Gustavo</subfield>
    <subfield code="9">46812</subfield>
  </datafield>
  <datafield tag="942" ind1=" " ind2=" ">
    <subfield code="2">ddc</subfield>
    <subfield code="c">PP</subfield>
  </datafield>
  <datafield tag="945" ind1=" " ind2=" ">
    <subfield code="a">rac</subfield>
  </datafield>
  <datafield tag="952" ind1=" " ind2=" ">
    <subfield code="0">0</subfield>
    <subfield code="2">ddc</subfield>
    <subfield code="4">0</subfield>
    <subfield code="7">0</subfield>
    <subfield code="a">HEM</subfield>
    <subfield code="b">HEM</subfield>
    <subfield code="c">CART</subfield>
    <subfield code="d">2021-10-18</subfield>
    <subfield code="g">10.00</subfield>
    <subfield code="o">Rev.Letras/N&#xB0;1/1948</subfield>
    <subfield code="p">REVC000437</subfield>
    <subfield code="r">2021-10-18</subfield>
    <subfield code="y">PP</subfield>
  </datafield>
  <datafield tag="952" ind1=" " ind2=" ">
    <subfield code="0">0</subfield>
    <subfield code="2">ddc</subfield>
    <subfield code="4">0</subfield>
    <subfield code="7">0</subfield>
    <subfield code="a">HEM</subfield>
    <subfield code="b">HEM</subfield>
    <subfield code="c">CART</subfield>
    <subfield code="d">2021-10-18</subfield>
    <subfield code="g">10.00</subfield>
    <subfield code="o">Rev.Letras/N&#xB0;1/1948/e.2</subfield>
    <subfield code="p">REVC000438</subfield>
    <subfield code="r">2021-10-19</subfield>
    <subfield code="y">PP</subfield>
  </datafield>
</record>
